El futuro del trabajo y el trabajo del futuro /

Guardado en:
Autor Principal: Melamed, Alejandro.
Formato: Libro
Idioma:Spanish
Publicado: Buenos Aires : Grupo Editorial Planeta, c2017.
Edición:1a. ed.
Materias:
Etiquetas: Agregar Etiqueta
Sin Etiquetas, Sea el primero en etiquetar este registro!
LEADER 01135nam a22002415a 4500
001 EAD.ead004178
008 171103s2017####ag#######b####000#0#spa#d
005 20171123120450.0
245 1 3 |a El futuro del trabajo y el trabajo del futuro /  |c Alejandro Melamed. 
250 |a 1a. ed. 
260 |a Buenos Aires :  |b Grupo Editorial Planeta,  |c c2017. 
300 |a 427 p. ;  |c 21 cm. 
504 |a Incluye referencias bibliográficas (p. 419-427). 
500 |a "Este libro está orientado a fortalecer los lazos de una cada vez más necesaria conexión intergeneracional. Para 2020, es espera que casi la mitad de la fuerza laboral en Latinoamérica se millennial. Quienes se enojen con las nuevas maneras de vivir la vida y con las nuevas tecnologías estarán perdiendo una enorme oportunidad"--Contratapa. 
020 |a 9789504957942 
100 1 |a Melamed, Alejandro. 
082 0 4 |a 658.406  |2 21 
653 |a Lectura recreativa 
650 7 |a Cambio tecnológico.  |2 unbist 
650 7 |a Educación permanente.  |2 unbist 
653 |a Internet de las cosas 
653 |a Millennials 
859 |a AR-BaBDC  |b BIB. ADMINISTRACION - Libros  |h 658.406  |i M481  |p b06822